Respuestas a las necesidades educativas especiales en los centros educativos Los Mineros, Juan Pablo Duarte, Juan Sánchez Ramírez, Antiguo Liceo y San Martín del nivel básico del distrito 16-01 de Cotuí, 2006-2007 / Rosa M. Espino J. ; asesor Carmen Lidia Fabián (Registro nro. 7617)
[ vista simple ]
| 000 -LEADER | |
|---|---|
| fixed length control field | 01362nam a22002411a 4500 |
| 001 - CONTROL NUMBER | |
| control field | 7617 |
| 003 - CONTROL NUMBER IDENTIFIER | |
| control field | OSt |
| 005 - DATE AND TIME OF LATEST TRANSACTION | |
| control field | 20260204212138.0 |
| 008 - FIXED-LENGTH DATA ELEMENTS--GENERAL INFORMATION | |
| fixed length control field | 080123s2007||||dr ||||||b||||||||||spa|| |
| 090 ## - LOCALLY ASSIGNED LC-TYPE CALL NUMBER (OCLC); LOCAL CALL NUMBER (RLIN) | |
| Classification number (OCLC) (R) ; Classification number, CALL (RLIN) (NR) | M-BA 2007 M17 |
| 100 1# - ASIENTO PRINCIPAL -- NOMBRE PERSONAL | |
| Personal name | Espino J, Rosa M |
| Relator term | sustentante |
| 245 1# - TÍTULO PROPIAMENTE DICHO: SUBTÍTULO | |
| Title | Respuestas a las necesidades educativas especiales en los centros educativos Los Mineros, Juan Pablo Duarte, Juan Sánchez Ramírez, Antiguo Liceo y San Martín del nivel básico del distrito 16-01 de Cotuí, 2006-2007 / Rosa M. Espino J. ; asesor Carmen Lidia Fabián |
| 260 ## - PUBLICATION, DISTRIBUTION, ETC. | |
| Place of publication, distribution, etc. | Cotuí, República Dominicana : |
| Name of publisher, distributor, etc. | UTECO, |
| Date of publication, distribution, etc. | 2007 |
| 300 ## - PHYSICAL DESCRIPTION | |
| Extensión | xxiv, 98 hojas : |
| Other physical details | Ilustraciones ; |
| Dimensions | 28cm. |
| 502 ## - THESIS NOTE | |
| Dissertation note | Monográfico (Educación Básica)--Universidad Tecnológica del Cibao Oriental, 2007<br/> |
| 504 ## - BIBLIOGRAPHY, ETC. NOTE | |
| Bibliography, etc. note | Incluye referencia bibliográfica e índice<br/> |
| 505 ## - NOTA DE CONTENIDO | |
| Formatted contents note | Índice -- declaración de autoría -- agradecimientos -- dedicatorias--resumen -- Capítulo I: Introducción -- Capítulo II: Revisión de literatura -- Capítulo III: Metodología -- Capítulo IV: Presentación de los resultados -- Capítulo V: Discusión y análisis de los resultados <br/> |
| 650 ## - ASIENTO SECUNDARIO DE MATERIA -- TERMINO TOPICO | |
| Asiento secundario de materia | Educación BásicaÌ |
| 700 1# - ASIENTO SECUNDARIO -- NOMBRE PERSONAL | |
| Personal name | Rosa M. Espino J. |
| 700 1# - ASIENTO SECUNDARIO -- NOMBRE PERSONAL | |
| Personal name | Lidia Fabián, Carmen |
| Relator term | asesor |
| 830 ## - ASIENTO SECUNDARIO DE SERIE - TÍTULO UNIFORME | |
| Uniform title | Tesis y disertaciones académicas (Universidad Tecnológica del Cibao Oriental) |
| 942 ## - ADDED ENTRY ELEMENTS (KOHA) | |
| Source of classification or shelving scheme | Clasificación Local |
| Koha item type | Tesis |
| Withdrawn status | Lost status | Source of classification or shelving scheme | Damaged status | Not for loan | Collection code | Home library | Current library | Shelving location | Date acquired | Inventory number | Total Checkouts | Full call number | Barcode | Date last seen | Copy number | Price effective from | Koha item type |
|---|---|---|---|---|---|---|---|---|---|---|---|---|---|---|---|---|---|
| Clasificación Local | Préstamo Interno | Trabajos de Grado e Investigación | Biblioteca UTECO | En Estantería | 09/09/2019 | ME-2007-002 | M-BA 2007 M17 | ME-2007-002 | 09/09/2019 | Ej.1 | 09/09/2019 | Tesis |
